000 00343 a2200121 4500
005 20250628190553.0
020 _a9789987735136
100 _aMSABILA, D.T
245 _aEffective Legal Communiication Skills
260 _aDar es Salaam
_bVision Publishing Limited
_c2014
300 _avii, 262p.: ill; tables
_bBibliography
_c22cm
942 _2ddc
_cBKS
999 _c6169
_d6169